Quizzes
Events
Quiz Creation
Community
Videos
Private Events
Remove Ads
Sign In
Join for FREE
Feedback
Dark Mode
Quiz Categories
Sports
Geography
Music
Movies
Television
Just For Fun
Miscellaneous
History
Literature
Language
Science
Gaming
Entertainment
Religion
Holiday
For Kids
Quiz Lab
Recent
Popular Today
Quiz Kudos Today
Editor Picks
Curator Picks
Quizzes by...
Day
Popularity
Type
Ratings
Length
Year
Community
Subscriptions
Recent Discussions
Orange Saloon
Badges
Playlists
Quests
Create
Leaderboards
Showdown
Live 5
Trivia Bingo
Activity
Puzzle Library
Sporcle Events
Private Events
Virtual Trivia
Globe League
Become a Host
Pub Owners
SporcleCon
Opinionation
Our Games
Videos
Blog
Mobile Apps
Partnerships
Remove Ads and Go Orange
Feedback
Movies
Disney
Marvel Cinematic Universe
Movie Resume
Movie Titles
Oscar
Actor
Actress
Director
Pixar
Role
Movie Quotes
Movie Characters
Box Office
Nominee
Best Picture
Star Wars
James Bond
Horror Movies
Movies
Disney
Marvel Cinematic Universe
Movie Resume
Movie Titles
Oscar
Actor
Actress
Director
Pixar
Role
Movie Quotes
Movie Characters
Box Office
Nominee
Best Picture
Star Wars
James Bond
Horror Movies
Random Quiz
Search Sporcle
×
Quiz Lab
Quiz Lab
Movies
Quote
Type in answers that appear in a list
Type in answers that appear in a list
Classic
Best Score? Go Orange.
Anchorman legend of ron burgandy quotes Stats
Can you name the anchorman quotes?
By
zstupple
5m
15 Questions
476 Plays
476 Plays
476 Plays
Comments
Comments
Give Quiz Kudos
Give Quiz Kudos
-
- Ratings
hide this ad
Replay
Link that replays current quiz
Next Quiz
Link to next quiz in quiz playlist
You Got
0%
They Got
Avg Score
31%
Avg Friend Score
Upgrade to see
Score Distribution
Jump to the score distribution portion of the page
Score
0/15
Timer
05:00
0
Plays Today
% Correct
saint
85.3%
milk was a bad choice
67.4%
every time
54.6%
rich mahogany
52.3%
i don't know
47.5%
i'm kind of a big deal
45%
no touching of the hair or face
35.9%
but it is filling
35.3%
% Correct
little china doll
19.1%
hey everyone come see how good i look
15.5%
it did didn't it
5.7%
minature buddha covered in hair
3.8%
anchorlady and thats a scientific fact
3.4%
right in the baby makers
2.5%
your proably wanted for murder
0.2%
Quiz Playlist
Details
Report
Send in Message
Add To Playlist
Classic:
Type in answers that appear in a list
Last Updated: Feb 16, 2017
Quiz Scoreboard
CHALLENGE
Sign Up to Join the Scoreboard
Show All
Scores
Hide
Comments
May contain spoilers
Recently Published
One Thing in Common: World Cities II
by knightlancer
Geography
7m
Popular People in 1961
by mucciniale
History
6m
1-10 Letter E Words III
by El_Dandy
Language
2m
More to Explore
Quiz From the Vault
Featured Blog Post
Where Did the Easter Bunny Come From?
hide this ad
You Might Also Like...
Tags
Quote Quiz
Anchorman
legend
ron
Today's Top Quizzes in Movies
Browse Movies
hide this ad
Today's Top Quizzes in Quote
Browse Quote
Top Contributed Quizzes in Movies
1
Multi-Oscar Nominations, One Movie, One Winner
2
12 Movies about Fictional 1960s Events
3
One Thing in Common: Movies
4
Three Word 'T' Movies Match Up
5
Sunday Crossword: Film Score Composers
6
One Thing in Common: Movies II
7
Three Word 'H' Movies Match Up
8
Three Word 'M' Movies Match Up
9
One Thing in Common: Oscars
10
Three Word 'P' Movies Match Up
Explore More
Trending Topics
Kpop
NBA
Disney
Harry Potter
Crossword
Marvel
Anime
The Office
Pokémon
NFL
Puzzle
Soccer
WWE
Country
Song
hide this ad
More By:
zstupple
Quiz
Plays
Rating
Category
Featured
Created
how i met your mother a-z
2,232
3.00
Television
Jan 3, 2011
60 second blitz: seven deadly sins
652
2.82
Religion
Aug 25, 2010
anchorman legend of ron burgandy quotes
476
1.75
Movies
Aug 10, 2010
original founders of the justice league
129
1.00
Just For Fun
Oct 28, 2010
60 second blitz:premier league 2010-2011
127
1.00
Sports
Aug 10, 2010
Go to Creator's Profile
Score Distribution
Quiz Creator Spotlight
zstupple
Follow
Send a Message
Quizzes Created
-
Created Quiz Play Count
-
More By This Creator
Popular Quizzes Today
1
Find the US States - No Outlines Minefield
2
The Countries of the World
3
Popular People in 1961
4
Find the Countries of Europe - No Outlines Minefield
5
1-10 Letter E Words III
6
Find the US States
7
One Thing in Common: World Cities II
8
US States
More Movies Quizzes
Disney Folk (Letter B)
Published
Trending Quizzes
1-10 Letter F Words
1-10 Letter G Words
Risky Map Clicking: Next State Alphabetically
1-10 Letter F Words II
Risky Map Clicking: States by Unique Starting Letters
Recently Updated
Leaping Animals
pecheneg
Reality TV Shows (A-Z)
bhenderson79
Rickey Henderson's Hall of Fame Teammates
pecheneg
Champions League XIs: Arsenal
pecheneg
Quick Pick: Celebrities in WWE's Hall of Fame
aduchscher
A-Z Keypad Blitz II
pecheneg
Multiple Oscar Actors
pecheneg
Mystery Phrase Blitz: Oscar 'Best Actors'
pecheneg
F. Scott Fitzgerald Novels
LTH
Pick 3 Villains
ddd62291
Trending Topics
Disney
Crossword
Marvel
Anime
Harry Potter
NBA
Kpop
The Office
Pokémon
Soccer
Song
Country
WWE
NFL
Puzzle
Your Account Isn't Verified!
In order to create a playlist on Sporcle, you need to verify the email address you used during registration. Go to your
Sporcle Settings
to finish the process.
Report this User
Report this user for behavior that violates our
Community Guidelines
.
Details:
Send Report
Go to the Sporcle.com Mobile Site →
Comments